[Event "3rd Mersin Open 2018"]
[Site "Mersin"]
[Date "2018.09.09"]
[Round "1.10"]
[White "Gasimov, Parviz"]
[Black "Hajiyev, Shahin"]
[Result "1-0"]
[WhiteElo "2341"]
[BlackElo "1947"]
[Annotator "ChessBase"]
[PlyCount "119"]
[EventDate "2018.09.09"]
[EventType "swiss"]
[EventCountry "TUR"]
[SourceTitle "playchess.com"]
[Source "ChessBase"]
[SourceQuality "1"]
[TimeControl "5400+30"]

1. e4 e5 2. Nf3 Nc6 3. Bb5 a6 4. Ba4 Nf6 5. d3 b5 6. Bb3 Be7 7. O-O d6 8. a4 Bb7 9. Nbd2 O-O 10. Re1 Na5 11. Ba2 c5 12. c3 Re8 13. Nf1 Bf8 14. Ng3 g6 15. b4 cxb4 16. cxb4 Nc6 17. Qb3 Qd7 18. a5 Nd8 19. Be3 Ne6 20. Rad1 Rac8 21. Bb6 Bg7 22. Qb1 h6 23. d4 exd4 24. Nxd4 Nxd4 25. Bxd4 Qe7 26. e5 Nd5 27. exd6 Qxd6 28. Rxe8+ Rxe8 29. Bxg7 Kxg7 30. Bxd5 Bxd5 31. Qb2+ Qe5 32. Qxe5+ Rxe5 33. f4 Bb3 34. fxe5 Bxd1 35. Ne4 Bg4 36. Nc5 Bc8 37. Kf2 f5 38. Ke3 Kf7 39. Kd4 Ke7 40. g3 g5 41. Kd5 h5 42. e6 h4 43. gxh4 gxh4 44. Ke5 f4 45. Kxf4 Bxe6 46. Nxa6 Kd6 47. Ke4 Bd5+ 48. Kd4 Bg2 49. Nc5 h3 50. Ne4+ Kc6 51. Ke5 Bh1 52. Ng5 Bg2 53. Ne6 Bf1 54. Nd4+ Kb7 55. Kd6 Ka6 56. Kc7 Ka7 57. Nc6+ Ka6 58. Kb8 Bc4 59. Ne5 Be2 60. Nd7 1-0

[Event "3rd Mersin Open 2018"]
[Site "Mersin"]
[Date "2018.09.09"]
[Round "1.11"]
[White "Koc, Ahmet"]
[Black "Kaya, Onur"]
[Result "0-1"]
[WhiteElo "1363"]
[BlackElo "1689"]
[Annotator "NA"]
[PlyCount "44"]
[EventDate "2018.09.09"]
[EventType "swiss"]
[EventCountry "TUR"]
[SourceTitle "playchess.com"]
[Source "ChessBase"]
[SourceQuality "1"]
[TimeControl "5400+30"]

1. d3 d5 2. f4 Nf6 3. Nf3 e6 4. g3 Bd6 5. Bg2 Nc6 6. c3 Bd7 7. Nbd2 Qe7 8. Nb3 O-O-O 9. Be3 Ng4 10. Qd2 Nxe3 11. Qxe3 f6 12. Nfd4 Nxd4 13. Qxd4 Kb8 14. O-O-O e5 15. fxe5 Bxe5 16. Qf2 Ba4 17. d4 Bd6 18. Bxd5 Bxg3 19. Qf3 Rxd5 20. Qxd5 Bf4+ 21. Kb1 Bc6 22. Qc4 Bxh1 0-1

[Event "3rd Mersin Open 2018"]
[Site "Mersin"]
[Date "2018.09.09"]
[Round "1.13"]
[White "Caglar, Ata Arda"]
[Black "Sahin, Taha"]
[Result "0-1"]
[WhiteElo "1270"]
[BlackElo "1648"]
[Annotator "NA"]
[PlyCount "58"]
[EventDate "2018.09.09"]
[EventType "swiss"]
[EventCountry "TUR"]
[SourceTitle "playchess.com"]
[Source "ChessBase"]
[SourceQuality "1"]
[TimeControl "5400+30"]

1. e4 c5 2. Nf3 e6 3. Nc3 Nc6 4. b3 g6 5. Bb2 Bg7 6. Bb5 Nge7 7. Bxc6 Nxc6 8. Na4 Bxb2 9. Nxb2 O-O 10. O-O d5 11. exd5 exd5 12. Na4 c4 13. h3 Bf5 14. d3 cxd3 15. cxd3 d4 16. Nb2 b5 17. a3 Qd5 18. Rc1 Rfc8 19. Re1 Be6 20. Nd2 Bf5 21. Nf3 Be6 22. Nd2 Na5 23. b4 Rxc1 24. Qxc1 Nb3 25. Nxb3 Qxb3 26. Qa1 a5 27. Rb1 axb4 28. Nd1 Qa4 29. Rxb4 Qxb4 0-1

[Event "3rd Mersin Open 2018"]
[Site "Mersin"]
[Date "2018.09.10"]
[Round "2.1"]
[White "Tarlev, Konstantin"]
[Black "Dogan, Nazmi Can"]
[Result "1-0"]
[WhiteElo "2564"]
[BlackElo "2275"]
[Annotator "TA"]
[PlyCount "68"]
[EventDate "2018.09.09"]
[EventType "swiss"]
[EventCountry "TUR"]
[SourceTitle "playchess.com"]
[Source "ChessBase"]
[SourceQuality "1"]

{[%evp 22,68,52,47,35,29,69,62,68,61,62,53,90,89,90,80,129,129,158,138,127,126,135,138,162,143,144,148,159,175,174,163,347,335,886,836,766,593,545,554,825,813,826,808,814,820,819,798,820]} 1. d4 Nf6 2. c4 e6 3. Nc3 Bb4 4. e3 O-O 5. Bd3 d5 6. Nf3 dxc4 7. Bxc4 c5 8. O-O cxd4 9. exd4 b6 10. Bg5 Bb7 11. Qe2 Be7 12. Rad1 {LiveBook: 8 Games. d5! is the strong threat. E54: Nimzo-Indian: Rubinstein: Main Line: 7...dxc4 8 Bxc4} Nbd7 13. Rfe1 {[#] Threatens to win with d5.} Re8 14. Ne5 {White is slightly better.} Nxe5 $146 ({Predecessor:} 14... Nf8 15. Bb5 N6d7 16. Bc6 Qc8 17. Bxd7 Nxd7 18. Nxf7 Qc6 19. d5 exd5 {1-0 (31) Ibragimov,I (2455)-Shestoperov,A (2450) Smolensk 1991}) 15. dxe5 ({Worse is} 15. Qxe5 Nd7 $17) 15... Nd5 16. Bxd5 exd5 17. Bxe7 Rxe7 18. Qd2 Rd7 19. Nb5 Qf8 20. Nd4 Re8 21. f4 g6 22. Re3 a6 23. Rb3 b5 24. Rc1 Rc8 25. Re1 Rc4 26. Rd3 Rc8 $2 (26... Bc8 27. f5 Rd8) 27. f5 $18 gxf5 $2 (27... Re7 28. Rf3 Rce8) 28. Qg5+ {White is clearly winning.} Kh8 29. Rg3 {[#] Threatening mate with Qf6+.} f6 30. exf6 {[%cal Be5f6,Bf6g7][%mdl 32]} Qc5 31. Qf4 Rf7 32. Rg7 Rxg7 33. fxg7+ Kg8 34. Kh1 Qc7 {Precision: White = 84%, Black = 20%.} 1-0

[Event "3rd Mersin Open 2018"]
[Site "Mersin"]
[Date "2018.09.10"]
[Round "2.2"]
[White "Olcum, Ahmet"]
[Black "Rasulov, Vugar"]
[Result "1/2-1/2"]
[WhiteElo "2302"]
[BlackElo "2527"]
[Annotator "TA"]
[PlyCount "20"]
[EventDate "2018.09.09"]
[EventType "swiss"]
[EventCountry "TUR"]
[SourceTitle "playchess.com"]
[Source "ChessBase"]
[SourceQuality "1"]

{[%evp 10,20,37,39,35,37,44,45,43,41,52,46,82]} 1. d4 Nf6 2. Bf4 g6 3. Nc3 d5 4. Qd2 c6 5. Nf3 Bf5 (5... Nbd7 6. Bh6 Bxh6 7. Qxh6 Qa5 8. a3 Nf8 9. Ne5 Be6 10. b4 Qc7 11. e3 N8d7 12. Nxd7 Bxd7 13. Bd3 {0-1 (69) Romanov,E (2573)-Bachmann,A (2593) Berlin 2015}) 6. Ne5 {LiveBook: 3 Games. White is slightly better. D00: 1 d4 d5: Unusual lines} Nbd7 7. f3 h5 8. O-O-O Bg7 9. Qe1 $146 ({Predecessor:} 9. Kb1 a5 10. e3 Nxe5 11. Bxe5 b5 12. Bd3 Bxd3 13. cxd3 {0-1 (41) Caruso,A (2247)-Cereda,L (2164) Civitanova Marche 2011}) 9... Be6 10. e4 h4 1/2-1/2

[Event "3rd Mersin Open 2018"]
[Site "Mersin"]
[Date "2018.09.10"]
[Round "2.3"]
[White "Kazimova, Narmin"]
[Black "Iskandarov, Misratdin"]
[Result "1/2-1/2"]
[WhiteElo "2264"]
[BlackElo "2482"]
[Annotator "TA"]
[PlyCount "31"]
[EventDate "2018.09.09"]
[EventType "swiss"]
[EventCountry "TUR"]
[SourceTitle "playchess.com"]
[Source "ChessBase"]
[SourceQuality "1"]

{[%evp 17,18,0,14]} 1. c4 e5 2. Nc3 Nf6 3. Nf3 Nc6 4. d4 exd4 5. Nxd4 Bb4 6. Bg5 h6 7. Bh4 O-O 8. Rc1 Ne5 {A28: English Opening: Four Knights Variation} 9. e3 Ng6 {LiveBook: 9 Games} {Predecessor:} 10. Bxf6 $146 Qxf6 11. Be2 d6 12. O-O Bxc3 13. Rxc3 Re8 14. Rc1 Bd7 15. Bf3 Ne5 16. Be2 {0-1 (49) Vakhidov,T (2446)-Najer,E (2653) Dubai 2014} 1/2-1/2

[Event "3rd Mersin Open 2018"]
[Site "Mersin"]
[Date "2018.09.10"]
[Round "2.4"]
[White "Khodashenas, Mersad"]
[Black "Annaberdiyev, Babageldi"]
[Result "1/2-1/2"]
[WhiteElo "2452"]
[BlackElo "2214"]
[Annotator "TA"]
[PlyCount "173"]
[EventDate "2018.09.09"]
[EventType "swiss"]
[EventCountry "TUR"]
[SourceTitle "playchess.com"]
[Source "ChessBase"]
[SourceQuality "1"]

{[%evp 21,173,45,58,17,31,11,0,0,0,-14,0,0,7,0,26,2,13,0,27,0,16,0,0,-26,-31,-26,-19,-45,-47,-58,-42,-62,-27,-32,-32,-36,-25,-29,-25,-102,-102,-102,-78,-72,-74,-102,-102,-102,-102,-102,-102,-102,-102,-102,-102,-102,-102,-102,-102,-102,-102,-102,-102,-102,-101,-94,-94,-94,-94,-102,-102,-102,-102,-102,-101,-102,-102,-110,-110,-110,-102,-102,-102,-102,-101,-102,-102,-109,-101,-101,-94,-94,-94,-101,-94,-94,-94,-101,-99,-670,-94,-104,-87,-102,-102,-92,-82,-82,-82,-114,-114,-114,-114,-114,-114,-114,-114,-114,-114,-114,-114,-114,-114,-114,-114,-114,-114,-114,-114,-114,0,-114,-114,-114,-114,-114,-114,-114,-114,-114,-8,-114,0,0,0,0,0,0,0,0,0,0,0,0]} 1. e4 c6 2. d4 d5 3. Nd2 dxe4 4. Nxe4 Nf6 5. Nxf6+ exf6 6. c3 Bd6 7. Bd3 O-O 8. Qc2 Re8+ {B15: Caro-Kann: 3 Nc3: 3...g6 and 3...dxe4 4 Nxe4 Nf6 5 Nxf6+ exf6} 9. Ne2 h5 (9... g6 10. h4 Nd7 11. h5 Nf8 12. Be3 Be6 13. O-O-O a5 14. Kb1 a4 15. hxg6 fxg6 16. c4 Bf7 17. Nc3 a3 18. b3 f5 {0-1 (29) Saric,I (2669)-Jobava,B (2690) Riadh 2017}) 10. O-O h4 11. h3 Nd7 {LiveBook: 8 Games} 12. Bf4 Nf8 $146 13. Qd2 (13. Bd2 {feels hotter.} f5 14. Qc1 Bd7 15. a3 Ng6 16. Bg5) 13... Ng6 {Hoping for ...Rxe2!} 14. Bxd6 Qxd6 15. Rfe1 Bd7 16. Rad1 Rad8 17. Qc2 Nf8 {[%cal Bg6f8,Bf8e6,Be6f4][%mdl 32]} 18. Qa4 b5 19. Qc2 g5 20. Nc1 Ne6 21. Re3 Nf4 22. Rde1 Rxe3 23. Rxe3 Be6 24. b4 Kg7 25. Be4 Bc4 26. Nd3 Bxd3 27. Bxd3 a5 28. a3 axb4 29. axb4 Ra8 $40 {[%mdl 128] Black has some attack.} 30. Re1 (30. Qc1 $11 {keeps the balance.}) 30... Qd5 $17 {[%csl Gf4][%cal Rd5g2]} 31. Bf1 ({Wrong is} 31. Be4 $2 Qc4 $19) 31... Ra2 32. Qb1 {And now c4! would win.} Rd2 33. Rd1 Rxd1 34. Qxd1 Qa2 $1 35. Qc1 Qb3 36. c4 Qxb4 37. cxb5 cxb5 38. Qc6 Qxd4 {Threatens to win with ...b4.} 39. Qxb5 Qd1 40. Qc4 Qe1 41. Qc2 Qa1 42. Qc4 Kg6 43. Qc2+ f5 44. Qc6+ Ne6 45. Qc4 Qe1 46. Qe2 Qxe2 47. Bxe2 {[%mdl 4096] Endgame KB-KN} Kf6 48. Bc4 Ke5 49. Kh2 f4 50. Kg1 Nd8 51. Kf1 Kd4 52. Ba2 f6 53. Ke2 Nc6 54. Bb1 Ne5 55. Bf5 Nf7 56. Be6 Nd6 57. Bd7 Ke5 58. Kf3 Ne4 59. Bc6 f5 60. Bd7 $2 {[%mdl 8192] [#]} (60. Ke2 $17) 60... Nd2+ $2 (60... g4+ $1 $19 {[%mdl 512] is more deadly.} 61. Ke2 (61. hxg4 $2 Nd2+ 62. Ke2 f3+ 63. gxf3 h3 $19) 61... gxh3 62. gxh3 Ng5) 61. Ke2 Nb3 (61... f3+ {seems wilder.} 62. gxf3 Nc4 63. Bb5 Nd6 64. Bd7 Kf4) 62. Bc8 Nd4+ 63. Kf1 f3 64. g3 Nb3 65. g4 fxg4 66. Bxg4 Kf4 67. Ke1 Nc5 68. Kf1 Ne4 69. Bc8 Nf6 70. Kg1 Nd5 71. Bg4 Ke4 72. Kf1 Nf4 73. Bc8 Kd3 74. Bf5+ Kd4 75. Bg4 Ke4 76. Bc8 $1 Ng6 77. Bb7+ Kf4 78. Bc8 Ne7 79. Bd7 Nf5 80. Kg1 Nh6 ({Black should try} 80... Nd6 $17 {Black wants to play ...Nc4.} 81. Be6 Nf5) 81. Bc8 {[#]} (81. Be8 $1 $11) 81... g4 (81... Nf7 $1 $17 82. Be6 Ne5) 82. Bxg4 $11 {The position is equal.} Nxg4 83. hxg4 Kxg4 84. Kh2 Kg5 {Strongly threatening ...Kg6.} 85. Kh3 Kh5 86. Kh2 Kg4 87. Kg1 {Precision: White = 57%, Black = 58%.} 1/2-1/2

[Event "3rd Mersin Open 2018"]
[Site "Mersin"]
[Date "2018.09.10"]
[Round "2.5"]
[White "Ersahin, Bulent"]
[Black "Shishkin, Vadim"]
[Result "1/2-1/2"]
[WhiteElo "2191"]
[BlackElo "2443"]
[Annotator "TA"]
[PlyCount "65"]
[EventDate "2018.09.09"]
[EventType "swiss"]
[EventCountry "TUR"]
[SourceTitle "playchess.com"]
[Source "ChessBase"]
[SourceQuality "1"]

{[%evp 12,65,37,33,40,27,27,27,49,-12,-10,-31,-30,-44,-27,-50,-38,-45,-10,-25,-12,-56,-28,-20,0,0,7,0,0,-27,23,0,20,-18,-25,-16,-28,-78,-68,-69,0,-20,0,0,0,-14,0,0,0,-54,0,-80,0,0,0,0]} 1. e4 c5 2. Nf3 Nf6 3. e5 Nd5 4. Nc3 Nxc3 5. dxc3 Nc6 6. Bc4 e6 7. Bf4 Qc7 {B29: Sicilian: 2 Nf3 Nf6 (Nimzowitsch Variation)} (7... Qb6 8. Nd2 Qxb2 9. Ne4 Qb6 10. Qg4 Na5 11. Be2 Qb2 12. O-O Qxc2 13. Qf3 Qa4 14. Rab1 a6 15. Rfd1 {1-0 (27) Amin,B (2693)-Gordievsky,D (2622) Wijk aan Zee 2018}) 8. Qd2 h6 9. h4 a6 {White has an edge.} 10. O-O-O (10. a4 $14) 10... b5 $11 11. Bd3 Bb7 12. Rhe1 Ne7 $146 ({Predecessor:} 12... O-O-O 13. Be4 Na5 14. Bxb7+ Nxb7 {0-1 (47) Polyakov,D (2220)-Sivokho,S (2425) St Petersburg 1998}) 13. Kb1 Nd5 14. Bg3 Bc6 15. Be4 Qb7 16. Qe2 Be7 (16... a5 {is interesting.} 17. Nd2 c4 18. Qf3 Bc5 19. Bf4 b4) 17. Nd2 O-O 18. Bxd5 Bxd5 19. Ne4 c4 20. Rd4 Kh7 21. Bf4 Bxe4 ({Wrong is} 21... Bxh4 $2 22. Nd6 $18) 22. Qxe4+ Qxe4 23. Rexe4 Bxh4 24. g3 Be7 25. Rxd7 Rfe8 26. a4 g5 27. Be3 h5 28. Rb7 Rab8 29. Ra7 Ra8 30. Rb7 $1 Rad8 (30... Kg6 $1 $15) 31. Ra7 (31. b4 $11) 31... h4 (31... Rd1+ $17 32. Ka2 Kg6) 32. gxh4 gxh4 33. Rg4 {Precision: White = 53%, Black = 45%.} 1/2-1/2

[Event "3rd Mersin Open 2018"]
[Site "Mersin"]
[Date "2018.09.10"]
[Round "2.6"]
[White "Odeev, Handszar"]
[Black "Abdulla, Khayala"]
[Result "1-0"]
[WhiteElo "2410"]
[BlackElo "2229"]
[Annotator "TA"]
[PlyCount "65"]
[EventDate "2018.09.09"]
[EventType "swiss"]
[EventCountry "TUR"]
[SourceTitle "playchess.com"]
[Source "ChessBase"]
[SourceQuality "1"]

{[%evp 22,65,52,31,71,69,77,70,139,136,141,134,148,133,158,167,152,97,80,90,99,100,111,50,49,39,118,92,101,89,154,77,73,67,257,101,179,192,468,446,29992,29993,29993,29994,29996,29997]} 1. e4 {Blatny,P} c5 2. Nf3 e6 3. d4 cxd4 4. Nxd4 a6 5. Nc3 Qc7 6. Be2 Nf6 7. O-O Nc6 8. Be3 Bb4 9. Nxc6 bxc6 10. f4 O-O 11. Na4 Rb8 12. Bd3 {LiveBook: 23 Games. B49: Sicilian: Taimanov: 5 Nc3 Qc7 6 Be3 a6 7 Be2} d5 13. e5 $1 {[%cal Re5f6]} Nd7 14. c4 {White is better.} Be7 (14... dxc4 $14 15. Bxc4 Ba5) 15. Qc2 $16 {[#]} g6 $146 ({Predecessor:} 15... h6 16. cxd5 exd5 17. Rac1 Bb7 18. Bf5 a5 19. e6 fxe6 20. Bxe6+ {1-0 (71) Dolmatov,S (2605)-Polgar,Z (2535) Polanica Zdroj 1991 CBM 026 [Blatny,P]}) 16. cxd5 exd5 17. Rac1 Bb7 18. Bd4 Rbc8 {[#]} 19. e6 (19. b4 $142 $1 {[%mdl 512]}) 19... Bf6 20. Bxf6 Nxf6 21. Nc5 Rce8 {[#]} 22. Nxb7 (22. f5 $1 $16) 22... Qxb7 $14 23. f5 $36 {[%mdl 2048] White has some pressure.} fxe6 ({Better is} 23... gxf5 $14 24. exf7+ (24. Qxc6 Qa7+ 25. Qc5 Qxc5+ 26. Rxc5 fxe6 $11) 24... Rxf7) 24. fxg6 $16 Qb6+ 25. Qc5 Qxb2 (25... Qxc5+ $142 26. Rxc5 Nd7 27. gxh7+ Kh8) 26. Rf2 ({White should try} 26. gxh7+ Kh8 27. Rf2 (27. Bxa6 Nxh7 28. a4 Qg7 $16)) 26... Qe5 27. gxh7+ Kg7 $2 ({Black should play} 27... Nxh7 $14 28. Re2 (28. Bxh7+ Kxh7 29. Rff1 Rxf1+ 30. Rxf1 Rg8 $11) 28... Qc7) 28. Re2 $2 (28. Rcf1 $18) 28... Qh5 (28... Qf4 $16 {was necessary.}) 29. Re3 $18 {[%cal Be2e3,Be3h3,Bh3g3][%mdl 32]} Qh6 $2 (29... Kh8 30. Rxe6 (30. Qxc6 Ng4 $11) (30. Bxa6 e5 $16) 30... Qg4 31. Rxe8 (31. Rxc6 Nd7 $14) 31... Rxe8 32. Qxc6 Qd4+ 33. Kh1 Qe5) 30. Rh3 Qd2 {[#]} (30... Nh5 $18 31. Qc2 (31. Qxc6 Kh8 $16) 31... Kh8) 31. h8=Q+ $1 {[%mdl 512] White mates.} Rxh8 32. Qa7+ Kg8 33. Rg3+ {Precision: White = 54%, Black = 21%.} 1-0

[Event "3rd Mersin Open 2018"]
[Site "Mersin"]
[Date "2018.09.10"]
[Round "2.7"]
[White "Acar, Utku Cengiz"]
[Black "Bagaturov, Giorgi"]
[Result "0-1"]
[WhiteElo "2122"]
[BlackElo "2396"]
[Annotator "TA"]
[PlyCount "86"]
[EventDate "2018.09.09"]
[EventType "swiss"]
[EventCountry "TUR"]
[SourceTitle "playchess.com"]
[Source "ChessBase"]
[SourceQuality "1"]

{[%evp 12,86,43,31,87,36,47,31,27,22,21,6,25,10,19,0,0,0,0,0,0,0,19,0,0,-14,-22,-23,1,-11,0,8,0,0,0,0,5,0,9,-10,10,-14,-5,-18,-11,-7,0,-1,0,0,0,0,0,0,0,-214,-214,-222,-226,-219,-231,-219,-221,-202,-205,-254,-252,-1126,-1120,-1118,-1118,-1118,-1118,-1111,-1110,-1095,-1081]} 1. e4 c5 2. Nf3 {[%cal Bg1f3,Bf3d4,Bd4b5][%mdl 32]} Nc6 3. d4 cxd4 4. Nxd4 e6 5. Nc3 Qc7 6. g3 d6 7. Bg2 Nf6 {B47: Sicilian: Taimanov: 5 Nc3 Qc7 6 f4, 6 g3 and 6 Be2} (7... Nxd4 $14 8. Qxd4 Nf6) (7... Bd7 8. O-O Be7 9. Be3 Nf6 10. Nb3 a6 11. f4 b5 12. a3 Bc8 13. e5 dxe5 14. fxe5 Nd7 15. Rxf7 Kxf7 {1-0 (30) Guseinov,G (2643)-Diamant,A (2515) chess.com INT 2017}) 8. O-O ({White should play} 8. Ndb5 $16 Qb8 9. Bf4) 8... Bd7 9. Ndb5 Qb8 {White is slightly better.} 10. Bf4 Ne5 11. a4 a6 12. Nd4 Be7 $146 ({Predecessor:} 12... Qc7 13. Qe2 Be7 14. Rfd1 O-O 15. Bc1 {0-1 (29) Fierro Baquero,M (2335)-Voicu Jagodzinsky,C (2355) Rijeka 2007}) 13. b3 O-O 14. Bc1 Qc7 15. Bb2 Rac8 16. Re1 Rfd8 17. Qe2 Nc6 18. Rad1 Nxd4 19. Rxd4 Ne8 20. Rd2 Qa5 21. Nd1 b5 22. axb5 axb5 23. Ne3 Qc7 24. Red1 Bc6 25. c4 Qb7 26. cxb5 Bxe4 27. Bxe4 Qxe4 28. b6 Qb7 29. Bd4 $1 Bf6 30. Bxf6 Nxf6 31. Rxd6 Rxd6 32. Rxd6 Ne4 33. Rd4 $2 (33. Rd3 $1 $11 {and White stays safe.}) 33... Ng5 $19 34. Qd1 {White threatens Rd8+ and mate.} Nf3+ $40 {[%mdl 128] Black goes for the king.} ({Weaker is} 34... Qxb6 35. Kg2 $11) 35. Kf1 {Rd8+ would kill now.} Nxd4 36. Qxd4 {[%mdl 4096] Endgame [#] KQR-KQN} Rb8 $1 37. Nc4 Qd5 38. Qe3 Ra8 {( -> ...Ra1+)} 39. Qe1 $2 {[#]} (39. Nd2) 39... Ra1 $1 {[%mdl 512] Black is clearly winning.} 40. Qxa1 Qh1+ 41. Ke2 Qxa1 42. b7 Qa2+ 43. Nd2 Qa6+ {Precision: White = 38%, Black = 62%.} 0-1

[Event "3rd Mersin Open 2018"]
[Site "Mersin"]
[Date "2018.09.10"]
[Round "2.8"]
[White "Koksal, Ege"]
[Black "Zor, Alber Kadir"]
[Result "0-1"]
[WhiteElo "2367"]
[BlackElo "2134"]
[Annotator "TA"]
[PlyCount "190"]
[EventDate "2018.09.09"]
[EventType "swiss"]
[EventCountry "TUR"]
[SourceTitle "playchess.com"]
[Source "ChessBase"]
[SourceQuality "1"]

{[%evp 18,190,17,8,12,0,0,0,0,0,0,0,0,0,0,0,0,0,0,0,8,8,20,0,0,0,0,-17,70,-10,-27,-13,-13,-55,-55,-52,-53,-51,-51,-43,5,0,0,-69,-68,-68,-62,-61,-66,-130,-128,-124,-120,-120,-125,-141,-137,-217,-162,-162,-162,-288,-300,-270,-270,-468,-405,-388,-388,-450,-450,-450,-450,-449,-311,-289,-162,-162,-162,-162,-162,-177,-170,-170,0,-163,-162,-148,-108,-147,-147,-147,-147,-147,-147,-147,-147,-2370,-8,-8,-8,-8,-8,-8,-8,-8,-8,-8,-8,-8,-8,-8,-8,-8,-8,-8,-7,-7,-7,-7,-7,-8,-8,-8,-8,-213,-8,-8,-8,-8,-7,-7,-7,-7,0,-8,-8,-8,0,-62,-8,-172,-172,-29964,-29966,-29965,-29967,-29969,-29969,-29970,-29969,-29970,-29969,-29962,-604,-29968,-29969,-29971,-29972,-29972,-29972,-29973,-29973,-29973,-29974,-29980,-29982,-29982,-29983,-29983,-29984,-29984,-29985,-29989,-29983]} 1. d4 d5 2. c4 e6 3. Nc3 Nf6 4. Bg5 Be7 5. Nf3 h6 6. Bh4 O-O 7. e3 Nbd7 8. cxd5 Nxd5 9. Bxe7 Qxe7 10. Rc1 {LiveBook: 8 Games. D56: Queen's Gambit Declined: Lasker Defence} (10. Qc2 c5 11. Nxd5 exd5 12. dxc5 Nxc5 13. Be2 Bg4 14. O-O Ne6 15. Rfd1 Rac8 16. Qd2 Rfd8 17. Nd4 Bxe2 18. Qxe2 Rc4 19. Nxe6 fxe6 20. Rac1 Rdc8 21. Rxc4 Rxc4 {½-½ (41) Vitiugov,N (2734)-Hou,Y (2658) Belokurikha 2018}) 10... c6 11. Bc4 Nxc3 12. Rxc3 {The position is equal.} e5 13. O-O exd4 14. exd4 Nb6 15. Bb3 Bg4 16. h3 $146 ({Predecessor:} 16. Qd2 Bxf3 17. Rxf3 Rad8 {1-0 (26) Malinin,Y (2316)-Anjuhin,A (2306) Nev Ladoga 2012}) 16... Bxf3 17. Rxf3 Qd6 18. Re1 Nd5 19. Re5 Rae8 20. Qe1 Rxe5 21. dxe5 Re8 22. exd6 Rxe1+ $11 {[%mdl 4096] Endgame KRB-KRN} 23. Kh2 Re6 $1 24. Bxd5 cxd5 {KR-KR} 25. Rb3 Rxd6 26. Rxb7 d4 {And now ...d3 would win.} 27. Rc7 d3 28. Rc1 Re6 29. Kg3 Re2 30. Rb1 ({Better is} 30. Rc8+ $11 Kh7 31. Ra8) 30... Rc2 $1 $15 31. b3 d2 32. Rd1 Rxa2 33. Kf4 (33. Kf3 $15) 33... Rb2 $17 34. Ke5 Kf8 35. Kd6 g5 36. Ke5 Kg7 37. f4 (37. Kd4 $17 {was necessary.}) 37... gxf4 38. Kxf4 Kg6 39. Kg4 (39. Ke3 $142) 39... a5 $19 40. Kf4 h5 ({Less strong is} 40... Rxb3 41. Rxd2 a4 42. Rd6+ f6 43. Ra6 $17) 41. g3 $2 (41. h4 {is a better defense.}) 41... Kf6 42. h4 Kg6 43. Ke5 Rxb3 44. Rxd2 Rxg3 45. Rd6+ Kg7 46. Ra6 Rg4 (46... Ra3 $142 47. Ra7 a4) 47. Rxa5 Rxh4 48. Kf5 Rg4 49. Ra7 Rg6 50. Ra4 {[#]} Rg4 $1 51. Ra7 (51. Rxg4+ hxg4) 51... Rb4 52. Ra5 h4 {[%cal Bh5h4,Bh4h3,Bh3h2][%mdl 32] Strongly threatening ...h3.} 53. Kg5 h3 $1 {[%cal Rh3h2]} 54. Ra3 h2 55. Rh3 Rb2 56. Kf5 Rf2+ 57. Kg5 $2 {[%mdl 8192]} (57. Kg4 $17) 57... f6+ $2 (57... f5 $19 58. Rh4 Kf7) 58. Kg4 $11 Ra2 {White must now prevent ...Kg6.} 59. Kf5 Rg2 60. Rh4 Rf2+ 61. Kg4 $1 Kg6 {Threatening ...f5+.} 62. Rh8 Rg2+ 63. Kf4 Ra2 64. Kg4 $1 Rb2 65. Kf4 $1 Rc2 66. Kg4 $1 Kg7 67. Rh3 Kf7 68. Kf5 Rf2+ (68... Rd2 {seems wilder.} 69. Rh7+ Kg8 70. Rh3 Kg7 71. Rg3+ Kf7) 69. Ke4 Ke6 {...f5+ is the strong threat.} 70. Rh8 Re2+ 71. Kf4 $2 (71. Kf3 $11 Ra2 72. Kf4) 71... Ra2 $2 (71... Kd5 $19 72. Kf3 Ra2) 72. Rh5 Rb2 {next ...Ra2 is good for Black.} 73. Ke4 Rb4+ 74. Kf3 Rb3+ 75. Kf4 Rb2 {White should prevent ...Kf7.} 76. Ke4 $1 Kf7 {Black wants to play ...Kg6.} 77. Kf4 {[#]} Kg6 (77... f5 $1 $11) 78. Rh8 $1 $15 Rb4+ (78... f5 $15 79. Kf3 Kf6) 79. Kf3 $2 {[#]} (79. Kg3 $1 $11 {and White is okay.}) 79... Kg5 $1 $19 {Threatens to win with ...Rh4.} 80. Rxh2 $2 (80. Kg2 $19) 80... Rb3+ 81. Ke4 f5+ 82. Kd4 f4 83. Rg2+ Rg3 84. Re2 Kf5 85. Re1 Ra3 (85... Kg4 $142 86. Ke4 Rg2 87. Ra1 f3 88. Ra7 Re2+ 89. Kd3 Re5 90. Rf7 Kg3 91. Rg7+ Kh2 92. Rf7 Kg2 93. Rg7+ Kf1 94. Rg8 f2 95. Kd2 Rd5+ 96. Kc2 Ke2 97. Re8+ Kf3 98. Ra8 Rd4 99. Ra1 Kg2 100. Kc3 Rg4 101. Kd3 f1=Q+ 102. Rxf1 Kxf1 103. Ke3 Kg2 104. Ke2 Rg3 105. Kd1 Kf2 106. Kc1 Ke1 107. Kc2 Ke2 108. Kc1 Kd3 109. Kb2 Kd2 110. Ka1 Kc2 111. Ka2 Rf3 112. Ka1 Ra3#) 86. Rh1 Re3 {Black mates.} 87. Rg1 Re8 88. Kd3 f3 {[%cal Bf4f3,Bf3f2][%mdl 32]} 89. Kd2 Kf4 90. Rg7 f2 91. Rh7 Re1 92. Rf7+ Kg3 93. Rg7+ Kh4 94. Rh7+ Kg5 95. Rg7+ Kh6 {Precision: White = 48%, Black = 72%.} 0-1